[Event "23rd Porto San Giorgio Open"]
[Site "Porto San Giorgio ITA"]
[Date "2011.08.23"]
[Round "4"]
[White "Dvirnyy,D"]
[Black "Albertini,L"]
[Result "1-0"]
[WhiteElo "2436"]
[BlackElo "1986"]

1.c4 Nf6 2.g3 g6 3.Bg2 Bg7 4.Nf3 O-O 5.O-O d6 6.d4 c6 7.Nc3 Qc7 8.h3 e5 9.e4 Re8
10.Be3 Nbd7 11.Qc2 b6 12.Rfd1 a6 13.d5 c5 14.Ne1 Nh5 15.Rab1 Nf8 16.b4 f5
17.Nd3 Qf7 18.bxc5 bxc5 19.Rb6 f4 20.Bc1 fxg3 21.fxg3 Qc7 22.Rc6 Qe7 23.Kh2 Bd7
24.Rb6 Reb8 25.Qb2 Qd8 26.Rxb8 Qxb8 27.Qa3 Bf6 28.Be3 Qd8 29.Rb1 Ra7 30.Rb2 Qc7
31.Bf1 Qd8 32.Nb5 Bxb5 33.cxb5 Qa8 34.b6 Rb7 35.Bxc5 dxc5 36.Nxc5 Be7 37.d6 Bxd6
38.Qb3+ Kg7 39.Nxb7 Qxb7 40.Qd3 Qb8 41.Qxa6 Nd7 42.a4 Kh6 43.a5 Qd8 44.Qd3 Bc5
45.Qd2+ Kg7 46.Rc2 Qe7 47.Bb5 Nxb6 48.axb6 Bxb6 49.Be2 Nf6 50.Rc6 Bd4 51.Qc1 Ne8
52.Rc8 Qf7 53.Bf1 Qf2+ 54.Bg2 Qf7 55.h4 Qe7 56.Qc6 Kf8 57.Bf1 Qf7 58.Bb5 Qf2+
59.Kh3 Qg2+  1-0

[Event "3rd Senica Open"]
[Site "Senica SVK"]
[Date "2011.08.23"]
[Round "3.5"]
[White "Dmitrenko,V"]
[Black "Goossens,R"]
[Result "1-0"]
[WhiteElo "2353"]
[BlackElo "2079"]

1.Nf3 Nf6 2.c4 g6 3.g3 Bg7 4.Bg2 O-O 5.Nc3 d5 6.cxd5 Nxd5 7.O-O Nc6 8.Nxd5 Qxd5
9.d3 Qb5 10.Qc2 e5 11.a4 Qb4 12.Bd2 Qe7 13.Rac1 a5 14.Rfe1 Bg4 15.Be3 Qd7
16.Nd2 Nd8 17.Qxc7 Qxa4 18.Nc4 Rc8 19.Qb6 Qb4 20.h3 Qxb6 21.Bxb6 Bd7 22.Nxa5 Nc6
23.Nxb7 Rb8 24.Bxc6 Bxc6 25.Rxc6 Rxb7 26.b4 Ra8 27.Rec1 Bf8 28.Bc5 Bxc5 29.R1xc5 Ra1+
30.Kg2 e4 31.dxe4 Rxb4 32.Rc4 Rb2 33.Rc2 Rb4 34.Rc8+ Kg7 35.Re8 Ra6 36.Re7  1-0

[Event "72nd ch-ARM 1st League"]
[Site "Kajaran ARM"]
[Date "2011.08.25"]
[Round "7"]
[White "Petrosyan,T1"]
[Black "Harutjunyan,G"]
[Result "0-1"]
[WhiteElo "2244"]
[BlackElo "2464"]

1.Nf3 Nf6 2.c4 g6 3.g3 Bg7 4.Bg2 O-O 5.O-O d6 6.d4 c6 7.Nc3 Qa5 8.e4 e5 9.h3 Nbd7
10.Be3 Qb4 11.Qe2 exd4 12.Bxd4 Re8 13.a3 Qa5 14.Qc2 Ne5 15.Nd2 Nh5 16.Rad1 Be6
17.b3 f5 18.exf5 Bxf5 19.Qa2 Qc7 20.Nde4 Rad8 21.f4 Bxe4 22.Nxe4 d5 23.cxd5 cxd5
24.Nc3 Nxg3 25.fxe5 Bxe5 26.Rf3 Bxd4+ 27.Rxd4 Re1+ 28.Kf2 Rc1 29.Rxg3 Rf8+
30.Rf3 Rxf3+ 31.Bxf3 Qh2+ 32.Bg2 Qg1+  0-1

[Event "4th Jessie Gilbert Open"]
[Site "Coulsdon ENG"]
[Date "2011.08.26"]
[Round "7"]
[White "Campbell,E"]
[Black "Warman,S"]
[Result "0-1"]
[WhiteElo "1876"]
[BlackElo "2058"]

1.Nf3 Nf6 2.c4 g6 3.g3 Bg7 4.Bg2 O-O 5.O-O d6 6.d4 Na6 7.Nc3 c5 8.d5 Nc7
9.h3 Rb8 10.a4 a6 11.a5 b5 12.axb6 Rxb6 13.e4 e6 14.Re1 Re8 15.Na4 Rb4 16.e5 exd5
17.exf6 Rxe1+ 18.Nxe1 Bxf6 19.cxd5 Rd4 20.Qf3 Bb7 21.Nc3 Nxd5 22.Nc2 Nxc3
23.Qxb7 Rd1+ 24.Kh2 a5 25.Bh6 Rxa1 26.Nxa1 Nd1 27.Bd5 Qe7 28.Nb3 Qxb7 29.Bxb7 a4
30.Nd2 Bxb2 31.Nb1 c4 32.Bc6 a3 33.Nxa3 Bxa3 34.Kg2 Bc5 35.Bf4 f6 36.Ba4 Nb2
37.Bb3 Nd3 38.Be3 Bxe3  0-1

[Event "20th Kaerntner Chess Summer"]
[Site "Feffernitz AUT"]
[Date "2011.08.26"]
[Round "7"]
[White "Mitter,G"]
[Black "Mirata,Danilo"]
[Result "1-0"]
[WhiteElo "2227"]
[BlackElo "1830"]

1.Nf3 Nf6 2.g3 g6 3.Bg2 Bg7 4.c4 O-O 5.Nc3 d6 6.O-O e5 7.d3 Nc6 8.Rb1 a5
9.a3 Nd4 10.b4 axb4 11.axb4 c6 12.b5 Nxf3+ 13.Bxf3 d5 14.Bg5 Be6 15.bxc6 bxc6
16.cxd5 cxd5 17.Qd2 Rc8 18.Rfc1 Qa5 19.Nxd5 Qxd2 20.Ne7+ Kh8 21.Bxd2 Rcd8
22.Nc6 Rd6 23.Bb4 Rxc6 24.Bxc6  1-0

[Event "TCh-SRB Premier Men"]
[Site "Valjevo SRB"]
[Date "2011.08.28"]
[Round "2.2"]
[White "Paunovic,D"]
[Black "Jeremic,V"]
[Result "1/2-1/2"]
[WhiteElo "2503"]
[BlackElo "2519"]

1.c4 Nf6 2.Nf3 g6 3.g3 Bg7 4.Bg2 O-O 5.d4 c6 6.Nc3 d5 7.cxd5 cxd5 8.Ne5 Nc6
9.O-O e6 10.Nxc6 bxc6 11.Bf4 Ba6 12.Rc1 Nh5 13.Be3 Qa5 14.Qd2 Rab8 15.b3 c5
16.dxc5 d4 17.Ne4 Qd8 18.Bg5 f6 19.c6 Qc8 20.g4 fxg5 21.gxh5 Be5 22.hxg6 Bf4
23.Qxd4  1/2-1/2

[Event "TCh-SRB Premier Men"]
[Site "Valjevo SRB"]
[Date "2011.08.29"]
[Round "3.6"]
[White "Bogosavljevic,B"]
[Black "Paunovic,D"]
[Result "0-1"]
[WhiteElo "2548"]
[BlackElo "2503"]

1.Nf3 Nf6 2.c4 g6 3.g3 Bg7 4.Bg2 O-O 5.O-O c6 6.d4 d5 7.Qb3 a5 8.c5 a4 9.Qb4 Ne4
10.Bf4 Nd7 11.Rd1 Qe8 12.Nc3 Nxc3 13.Qxc3 f6 14.Bc7 e5 15.b4 e4 16.Ne1 f5
17.f4 Rf7 18.Be5 g5 19.Nc2 gxf4 20.gxf4 Nf8 21.Qe3 Ng6 22.Kh1 Qe7 23.Qf2 Be6
24.Rg1 Qh4 25.Qxh4 Nxh4 26.Bh3 Ng6 27.Rg3 Bh6 28.Rag1 Bd7 29.Bf1 Kf8 30.e3 Ke8
31.Be2 Bf8 32.Bh5 Be6 33.a3 Kd7 34.Kg2 Be7 35.Kf1 Re8 36.Ke2 Bd8 37.Kd2 b5
38.cxb6 Bxb6 39.h4 Bd8 40.Rh3 Rg8 41.Bxg6 Rxg6 42.Rxg6 hxg6 43.h5 gxh5 44.Rxh5 Be7
45.Ke2 Rf8 46.Kf2 Ke8 47.Rh6 Kf7 48.Rh7+ Ke8 49.Ne1 Bc8 50.Ng2 Ba6 51.Bc7 Rg8
52.Nh4 Bxh4+ 53.Rxh4 Rg6 54.Rh8+ Kf7 55.Ra8 Bb5 56.Rh8 Rg4 57.Bd8 Rg8 58.Rh7+ Kg6
59.Rd7 Rh8 60.Rd6+ Kf7 61.Bg5 Rh3 62.Rf6+ Kg8 63.Rxf5 Rf3+ 64.Kg2 Rxe3 65.Re5 Rxa3
66.f5 Rf3 67.Re8+ Kf7 68.Re7+ Kf8 69.f6 Bf1+ 70.Kh2 Rh3+ 71.Kg1 Rg3+ 72.Kxf1 Rxg5
73.Re6 Rg3 74.Rxc6 Rb3 75.Ke2 a3 76.Ra6 Kf7 77.b5 Rxb5 78.Ke3 Rb3+ 79.Kf4 Kg6
80.Ke5 e3 81.Ra7 e2  0-1

[Event "Maria Albulet Mem"]
[Site "Braila ROU"]
[Date "2011.08.31"]
[Round "3"]
[White "Anusca,M"]
[Black "Uta,Ad"]
[Result "1-0"]
[WhiteElo "2076"]
[BlackElo "2099"]

1.c4 Nf6 2.Nf3 g6 3.g3 Bg7 4.Bg2 O-O 5.O-O d6 6.Nc3 c6 7.d4 Qa5 8.Nd2 e5
9.d5 cxd5 10.Nxd5 Nxd5 11.Bxd5 Nc6 12.Ne4 Bh3 13.Re1 Rad8 14.Bg5 Rd7 15.Qc1 h5
16.Nf6+ Bxf6 17.Bxf6 Kh7 18.Qg5 Nd4 19.Qh4 Bg4 20.f3 Qb6 21.Kh1 Nf5 22.Qg5 Bh3
23.Be4 Qf2 24.Rg1 Qe3 25.Qxe3 Nxe3 26.Bd5 Be6 27.Bg5 Nxd5 28.cxd5 Bxd5 29.Be3 a6
30.Rgc1 Bc6 31.b4 d5 32.Bc5 Re8 33.Kg2 Bb5 34.Kf2 f5 35.a4 Bc4 36.h3 b5 37.axb5 Bxb5
38.Rd1 Red8 39.g4 fxg4 40.hxg4 d4 41.Rh1 Kh6 42.Rh2 Rh8 43.Rg1 Bc4 44.gxh5 gxh5
45.Rhg2 Bf7 46.Rg5 Re8 47.Rf5 Kh7 48.f4 e4 49.Bxd4 Bg6 50.Rf6 Rxd4 51.Rgxg6 Rxb4
52.Rxa6 Rb5 53.Raf6 h4 54.Rh6+ Kg7 55.Rfg6+ Kf7 56.Rg4 e3+ 57.Kf3 Rb1 58.Rgxh4 Rf1+
59.Kg4 Rg8+ 60.Kf5 Rf2 61.Rf6+ Kg7 62.Rg4+ Kh7 63.Rf7+  1-0

[Event "VII Ugra Governor's Cup"]
[Site "Khanty-Mansiysk RUS"]
[Date "2011.09.01"]
[Round "2"]
[White "Maletin,P"]
[Black "Sazonova,E"]
[Result "1-0"]
[WhiteElo "2575"]
[BlackElo "2131"]

1.Nf3 Nf6 2.c4 g6 3.g3 Bg7 4.Bg2 O-O 5.d4 c5 6.Nc3 cxd4 7.Nxd4 Nc6 8.Nc2 d6
9.O-O Be6 10.b3 Nd7 11.Bb2 Qa5 12.Qd2 Rac8 13.Rab1 a6 14.a4 Qh5 15.Nd5 Bxb2
16.Rxb2 Bxd5 17.cxd5 Ncb8 18.Ne3 Qe5 19.Nc4 Qf6 20.Rc2 Nc5 21.Qe3 Nbd7 22.Rfc1 b6
23.Bh3 Rb8 24.b4  1-0

[Event "10th Izmir Open"]
[Site "Izmir TUR"]
[Date "2011.09.02"]
[Round "3"]
[White "Sengul,C"]
[Black "Yalcin,Ozgun"]
[Result "1/2-1/2"]
[WhiteElo "2165"]
[BlackElo "1864"]

1.Nf3 Nf6 2.c4 g6 3.g3 Bg7 4.Bg2 O-O 5.O-O d6 6.d4 Nc6 7.Nc3 a6 8.h3 Rb8
9.Be3 b5 10.cxb5 axb5 11.Nd2 Bd7 12.Nde4 Na5 13.Nxf6+ Bxf6 14.Bh6 Re8 15.Rc1 Bh8
16.b3 b4 17.Nd5 c6 18.Ne3 Qb6 19.d5 c5 20.Qd2 Qa6 21.h4 Bb5 22.Bf3 c4 23.Qxb4 cxb3
24.axb3 Bd7 25.Qe1 Nxb3 26.Rb1 Qa2 27.Nc4 Bb5 28.Nd2 Bc3 29.Rxb3 Bxd2 30.Qb1 Qxb1
31.Rfxb1 Bxh6  1/2-1/2

[Event "10th Sunny Beach Open"]
[Site "Sunny Beach BUL"]
[Date "2011.09.03"]
[Round "8.1"]
[White "Doncea,V"]
[Black "Quillan,G"]
[Result "1-0"]
[WhiteElo "2388"]
[BlackElo "2398"]

1.Nf3 Nf6 2.g3 g6 3.Bg2 Bg7 4.c4 O-O 5.Nc3 d6 6.d4 c5 7.O-O Nc6 8.d5 Na5
9.Nd2 e6 10.Rb1 exd5 11.cxd5 Qc7 12.b3 a6 13.Bb2 b5 14.Nce4 Nxe4 15.Nxe4 Bxb2
16.Rxb2 Qe7 17.Qd2 Nb7 18.b4 Bf5 19.Nc3 cxb4 20.Rxb4 Nc5 21.e4 Bd7 22.Rbb1 Rab8
23.Rfe1 f6 24.Ne2 f5 25.exf5 Bxf5 26.Nf4 Qf6 27.Rbc1 Rbe8 28.Re3 Rxe3 29.Qxe3 Bd7
30.Re1 Re8 31.Ne6 Qf5 32.Qd4 Re7 33.h3 a5 34.Re3 Nxe6 35.dxe6 Bxe6 36.Qxd6 Kf7
37.Rf3  1-0

[Event "9th Amantea Open"]
[Site "Amantea ITA"]
[Date "2011.09.05"]
[Round "2"]
[White "Carbone,Stefano"]
[Black "Marholev,D"]
[Result "0-1"]
[WhiteElo "1933"]
[BlackElo "2355"]

1.Nf3 Nf6 2.c4 g6 3.g3 Bg7 4.Bg2 O-O 5.O-O c5 6.d4 cxd4 7.Nxd4 Nc6 8.Nc3 Nxd4
9.Qxd4 d6 10.Qd3 Bf5 11.e4 Be6 12.b3 Qa5 13.Bd2 Qh5 14.f3 Nd7 15.Rac1 a6
16.Nd5 Bxd5 17.cxd5 Rac8 18.Rxc8 Rxc8 19.Rc1 Rxc1+ 20.Bxc1 Qe5 21.Qc2 Qd4+
22.Kf1 Nc5 23.Bh3 h5 24.Qd2 Qa1 25.Kg2 Qb1 26.Bc8 Nd3 27.Ba3 Bd4 28.Bc1 Bc5
29.Bxb7 Nxc1 30.Bxa6 Qxa2 31.Qxa2 Nxa2 32.Kf1 Nb4 33.Bc4 Nc2 34.Be2 Nd4 35.Bd1 f5
36.Ke1 fxe4 37.fxe4 Kg7 38.Kd2 Kf6 39.Kd3 Ke5 40.h4 Ba3 41.g4 hxg4 42.Bxg4 Nxb3
43.h5 Nc5+  0-1

[Event "VII Ugra Governor's Cup"]
[Site "Khanty-Mansiysk RUS"]
[Date "2011.09.05"]
[Round "6"]
[White "Sedenko,A"]
[Black "Drogovoz,M"]
[Result "1-0"]
[WhiteElo "2044"]
[BlackElo "1801"]

1.Nf3 Nf6 2.c4 g6 3.g3 Bg7 4.Bg2 O-O 5.O-O d5 6.d4 dxc4 7.Ne5 c5 8.e3 Qc7
9.Nc3 Na6 10.a4 cxd4 11.exd4 Be6 12.Nb5 Qb6 13.Be3 Rfd8 14.d5 Qa5 15.Bd2 Qb6
16.dxe6 Qxe6 17.Qe1 Rxd2 18.Qxd2 Qxe5 19.Bxb7 Rb8 20.Bxa6 Ne4 21.Qe2 Nc5
22.Qxc4 Nxa6 23.b4 Nxb4 24.Qxb4 a6 25.Rab1 axb5 26.axb5 Qd6 27.Qxd6 exd6
28.Rfd1 Bf8 29.b6 Be7 30.b7 Bg5 31.Rxd6 Kf8 32.Rc6  1-0

[Event "9th Amantea Open"]
[Site "Amantea ITA"]
[Date "2011.09.06"]
[Round "3"]
[White "Spirin,O"]
[Black "Piscopo,P"]
[Result "1/2-1/2"]
[WhiteElo "2493"]
[BlackElo "2373"]

1.Nf3 Nf6 2.c4 g6 3.g3 Bg7 4.Bg2 O-O 5.O-O d6 6.d4 c6 7.Nc3 Qa5 8.e4 e5 9.h3 Nbd7
10.Re1 exd4 11.Nxd4 Ne5 12.Bf1 Re8 13.Rb1 d5 14.Nb3 Qd8 15.cxd5 cxd5 16.f4 Nc6
17.e5 Nh5 18.g4 Ng3 19.Bg2 h5 20.Be3 hxg4 21.hxg4 d4 22.Nxd4 Nxd4 23.Qxd4 Qh4
24.Ne4 Rd8 25.Nd6 Qxg4 26.Qd1 Qh4 27.Qf3 Nh5 28.Qf2 Qg4 29.Qf3 Qh4 30.Qf2 Qg4
31.Qf3  1/2-1/2

[Event "TCh-SRB Premier Women"]
[Site "Valjevo SRB"]
[Date "2011.09.06"]
[Round "11.3"]
[White "Stojanovic,Andj"]
[Black "Kashlinskaya,A"]
[Result "0-1"]
[WhiteElo "2293"]
[BlackElo "2360"]

1.Nf3 Nf6 2.c4 g6 3.g3 Bg7 4.Bg2 O-O 5.O-O d6 6.d4 Nbd7 7.Nc3 e5 8.e3 Re8
9.b3 c6 10.a4 Nf8 11.h3 h5 12.Ba3 e4 13.Nd2 Bf5 14.f3 exf3 15.Qxf3 Qd7 16.Kh2 Ne6
17.Rfe1 Rad8 18.Qf1 Ng5 19.e4 Be6 20.Rad1 c5 21.Nf3 Nfh7 22.Nxg5 Nxg5 23.Nb5 a6
24.Nxd6 Qxd6 25.Bxc5 Qb8 26.Qf4 b6 27.Qxb8 Rxb8 28.Bd6 Rbd8 29.Bf4 Nxh3 30.Bxh3 Bxh3
31.Kxh3 Rxd4 32.Bc7 Re6 33.Kg2 g5 34.Kf3 g4+ 35.Kf4 Rc6 36.Rxd4 Bxd4 37.Rd1 Bg7
38.Rd7 Rc5 39.Bxb6 Bh6+  0-1

[Event "10th Izmir Open"]
[Site "Izmir TUR"]
[Date "2011.09.08"]
[Round "9"]
[White "Bozkurt,A"]
[Black "Valansi,A"]
[Result "0-1"]
[WhiteElo "1743"]
[BlackElo "2122"]

1.Nf3 Nf6 2.c4 g6 3.g3 Bg7 4.Bg2 O-O 5.O-O d6 6.d4 Nbd7 7.Nc3 c6 8.e4 e5
9.d5 cxd5 10.cxd5 Nc5 11.Re1 a5 12.h3 b5 13.Nxb5 Nfxe4 14.Nd2 Nxd2 15.Bxd2 Rb8
16.a4 Ba6 17.Bf1 Qb6 18.Be3 Rfc8 19.Rb1 Bxb5 20.Bxb5 f5 21.b4 axb4 22.Rxb4 e4
23.Qd2 Be5 24.Reb1 Qd8 25.Bc6 Nd3 26.Rb7 Rxb7 27.Rxb7 Ra8 28.Bg5 Qc8 29.a5 Nc5
30.Rb5 Rb8 31.Qb4 Rxb5 32.Qxb5 f4 33.g4 h5 34.Qe2 f3 35.Qe3 hxg4 36.Bf4 g3
37.fxg3 Qxh3 38.Kf2 Nd3+ 39.Qxd3 exd3 40.Kxf3 Qf1+ 41.Kg4 Bxf4  0-1

[Event "8th LGA Premium Cup"]
[Site "Nuernberg GER"]
[Date "2011.09.09"]
[Round "2.33"]
[White "Breutigam,M"]
[Black "Grafe,W"]
[Result "1-0"]
[WhiteElo "2377"]
[BlackElo "2205"]

1.Nf3 Nf6 2.c4 g6 3.g3 Bg7 4.Bg2 O-O 5.O-O c5 6.Nc3 d5 7.cxd5 Nxd5 8.Nxd5 Qxd5
9.d3 Nc6 10.Be3 Qd6 11.Rc1 Nd4 12.Nd2 Bg4 13.Re1 Qb6 14.Nc4 Qa6 15.Bg5 f6
16.Bd2 Rad8 17.a4 Bd7 18.Na5 Bc8 19.b4 cxb4 20.Bxb4 Rfe8 21.e3 Nf5 22.d4 Qb6
23.Qd2 Nd6 24.Bc5 Qa6 25.Bf1 Ne4 26.Qb4 Qe6 27.Bc4 Rd5 28.Bxa7 Kh8 29.Bxd5 Qxd5
30.Qb5 Qf7 31.Nxb7 e5 32.Nc5 Nd2 33.Qe2 Nb3 34.Nxb3 Qxa7 35.Nc5 exd4 36.Qb5  1-0

[Event "ch-Nordic Senior"]
[Site "Reykjavik ISL"]
[Date "2011.09.10"]
[Round "1"]
[White "Sorensen,B"]
[Black "Kristjansson,Si"]
[Result "1-0"]
[WhiteElo "2341"]
[BlackElo "1924"]

1.Nf3 Nf6 2.g3 g6 3.Bg2 Bg7 4.c4 O-O 5.Nc3 c6 6.e4 d6 7.O-O Be6 8.Qe2 Qc8
9.d4 Bh3 10.Re1 Bxg2 11.Kxg2 Na6 12.h3 Qc7 13.Be3 e5 14.a3 Qe7 15.dxe5 dxe5
16.b4 Rfd8 17.Red1 Nd7 18.Rd3 Nc7 19.Rad1 Ne6 20.Na4 Ndf8 21.Rxd8 Nxd8 22.Bc5 Qe8
23.Bd6 f6 24.Nc5 Nfe6 25.Nb3 Nf7 26.c5 Rd8 27.Rd3 Nxd6 28.cxd6 b6 29.Qc2 Qd7
30.Nfd2 Bf8 31.Rc3 Rc8 32.Nc4 Ng5 33.h4 Nf7 34.Rd3 Bxd6 35.Qd1 Rd8 36.Nc5 Qe7
37.Nb3 Bc7 38.Ne3 Nd6 39.Qc2 Qd7 40.Rc3 Bb8 41.Rxc6 Rc8 42.b5 Rd8 43.a4 f5
44.exf5 gxf5 45.Nd2 e4 46.Ndc4 Nxc4 47.Qxc4+ Kg7 48.Qc3+ Kg8 49.Rf6 Qd3 50.Qc6 Qd7
51.Qc4+ Kh8 52.Qc3 Kg8 53.Nxf5 Qd3 54.Rg6+  1-0

[Event "ch-Euro Youth b16"]
[Site "Albena BUL"]
[Date "2011.09.11"]
[Round "1.24"]
[White "Buyukasik,D"]
[Black "Iskandarov,M"]
[Result "0-1"]
[WhiteElo "2014"]
[BlackElo "2300"]

1.c4 Nf6 2.Nf3 g6 3.g3 Bg7 4.Bg2 O-O 5.O-O d6 6.Nc3 e5 7.d3 Nc6 8.Rb1 Bf5
9.Nd2 Qc8 10.Re1 Bh3 11.Bh1 h5 12.Nde4 Nxe4 13.Nxe4 Nd4 14.e3 Ne6 15.f3 Bf5
16.g4 Bxe4 17.fxe4 hxg4 18.Qxg4 Qe8 19.Rf1 Nc5 20.Qe2 a5 21.b3 b5 22.Ba3 b4
23.Bb2 a4 24.d4 Ne6 25.Qd2 axb3 26.axb3 exd4 27.Bxd4 Ra5 28.Bxg7 Rg5+ 29.Bg2 Nxg7
30.Kh1 Qb8 31.Ra1 Qb6 32.Ra4 Ne6 33.Rxb4 Qa5 34.Qe1 Nc5 35.Rb5 Qa2 36.Qf2 Qxf2
37.Rxf2 Ra8 38.h3 c6 39.Rb6 Nd3 40.Rd2 Ra1+ 41.Kh2 Ne5 42.Rb2 Re1 43.Rb8+ Kg7
44.Rd8 Rxe3 45.Rxd6 Rgg3 46.Rd8 Rxb3 47.Rf2 Rg5 48.Rc8 Rc3 49.Rc7 Rxc4 50.Re2 Rh5
51.Kg1 Rh8 52.Re7 Rc1+ 53.Kf2 Kf6 54.Ra7 Rd8 55.Raa2 Rd3 56.Rac2 Rc3 57.Rcd2 c5
58.Rd6+ Kg5  0-1

[Event "1st Marcel Duchamp"]
[Site "Buenos Aires ARG"]
[Date "2011.09.12"]
[Round "1"]
[White "Heinecke,L"]
[Black "Garcia,Rai"]
[Result "0-1"]
[WhiteElo "1964"]
[BlackElo "2327"]

1.Nf3 Nf6 2.c4 g6 3.g3 Bg7 4.Bg2 O-O 5.Nc3 d6 6.O-O c5 7.d4 Nc6 8.d5 Na5
9.Nd2 e5 10.dxe6 Bxe6 11.b3 d5 12.Rb1 b6 13.cxd5 Nxd5 14.Nxd5 Bxd5 15.Ne4 Bc6
16.Qc2 Qe7 17.Bf4 Rfe8 18.Nc3 Bxg2 19.Kxg2 Nc6 20.Be3 Nb4  0-1

[Event "10th Istanbul Open A"]
[Site "Istanbul TUR"]
[Date "2011.09.12"]
[Round "1"]
[White "Satici,Ayd"]
[Black "Bakr,J"]
[Result "1/2-1/2"]
[WhiteElo "1854"]
[BlackElo "2322"]

1.c4 Nf6 2.g3 g6 3.Bg2 Bg7 4.Nf3 O-O 5.O-O d6 6.Nc3 e5 7.d3 Nc6 8.Rb1 a5
9.a3 Re8 10.b4 axb4 11.axb4 Nd4 12.Bg5 h6 13.Bxf6 Bxf6 14.e3 Nxf3+ 15.Bxf3 Bg7
16.Qb3 c6 17.b5 Bd7 18.bxc6 bxc6 19.Qb6 Ra3 20.Ne4 Rxd3 21.Be2 Ra3 22.Nxd6 Qxb6
23.Rxb6 Rea8 24.Bf3 R3a6 25.Rfb1 Bf8 26.c5 Rxb6 27.Rxb6 Ra5 28.Kg2 Kg7 29.Bxc6 Bxc6+
30.Rxc6 Bxd6 31.cxd6 Rd5 32.Kf3 Kf6 33.Ke4 Rd2 34.d7+ Ke7 35.Kxe5 Rxf2 36.Rd6 Rf5+
37.Kd4 Kd8 38.Ke4 Ra5 39.g4 Ra2 40.h3 Rh2 41.Rf6 Kxd7 42.Rxf7+ Ke6 43.Rf3 Ra2
44.Rf4 Rh2 45.Rf3 Ra2 46.Kf4 Rg2 47.h4 Rh2 48.Kg3 Re2 49.g5 hxg5 50.hxg5 Ke5
51.Kg4 Rg2+ 52.Kh4 Rh2+ 53.Kg4 Rg2+ 54.Kh4 Rh2+ 55.Kg4  1/2-1/2

[Event "ch-Nordic Senior"]
[Site "Reykjavik ISL"]
[Date "2011.09.13"]
[Round "4.5"]
[White "Sorensen,B"]
[Black "Eiriksson,S"]
[Result "1-0"]
[WhiteElo "2341"]
[BlackElo "1965"]

1.Nf3 Nf6 2.g3 g6 3.Bg2 Bg7 4.c4 O-O 5.Nc3 d6 6.O-O a6 7.Rb1 c5 8.a3 a5 9.b4 axb4
10.axb4 cxb4 11.Rxb4 Nc6 12.Rb1 Qa5 13.Rb5 Qc7 14.d3 Bd7 15.Bd2 Nd8 16.Rb1 Ne6
17.Qb3 Rfb8 18.Rfc1 Bc6 19.Nb5 Qd7 20.Bc3 Nc5 21.Qc2 Ra6 22.Nd2 Rba8 23.d4 Bxg2
24.Kxg2 Ne6 25.Rb2 Ng5 26.f3 Qh3+ 27.Kg1 Ra1 28.Nf1 Rxc1 29.Qxc1 Bh6 30.Bd2 Qh5
31.h4 Nh3+ 32.Kg2 Bxd2 33.Nxd2 Nf4+ 34.gxf4 Qxh4 35.e3 Nh5 36.Nf1 g5 37.Kg1 Qh3
38.Nc7 Rc8 39.Nd5 Re8 40.Rg2 Kh8 41.fxg5 Qxf3 42.Nh2 Qf5 43.Qf1 Qe6 44.Ng4 Rc8
45.Nh6 b5 46.Qxf7 Qxf7 47.Nxf7+ Kg7 48.Nxe7 Rxc4 49.Nxd6 Rc1+ 50.Kh2 b4 51.Rb2  1-0

[Event "2nd Livigno Open A"]
[Site "Livigno ITA"]
[Date "2011.09.15"]
[Round "5.20"]
[White "Braga,F"]
[Black "Franciosi,F"]
[Result "1-0"]
[WhiteElo "2438"]
[BlackElo "2069"]

1.Nf3 Nf6 2.c4 g6 3.g3 Bg7 4.Bg2 O-O 5.O-O d6 6.Nc3 e5 7.d3 Re8 8.h3 c6 9.e4 Nbd7
10.Be3 a6 11.b4 Nf8 12.d4 exd4 13.Nxd4 Ne6 14.Nde2 a5 15.a3 Nf8 16.b5 Be6
17.bxc6 bxc6 18.Qa4 N8d7 19.Nf4 Qc7 20.Rac1 Nb6 21.Nxe6 Rxe6 22.Qb3 Rb8 23.Qa2 Qe7
24.Rb1 Nfd7 25.Ne2 Qd8 26.Nd4  1-0

[Event "11th Josipa Ipavca Mem"]
[Site "Sentjur SLO"]
[Date "2011.09.17"]
[Round "4"]
[White "Urbanc,V"]
[Black "Nikic,Saso"]
[Result "1-0"]
[WhiteElo "1906"]
[BlackElo "1572"]

1.c4 Nf6 2.Nf3 g6 3.g3 Bg7 4.Bg2 O-O 5.Nc3 d6 6.O-O e5 7.d3 Nc6 8.a3 a5 9.Rb1 d5
10.cxd5 Nxd5 11.Ng5 Nxc3 12.bxc3 h6 13.Ne4 Rb8 14.Nc5 Qd6 15.Be3 b6 16.Qa4 Ne7
17.c4 Nf5 18.Ne4 Qe7 19.Bc5 Nd6 20.Nxd6 cxd6 21.Bxb6 Bb7 22.Rb5 f5 23.Qb3 Kh8
24.c5 Bxg2 25.Kxg2 Qb7+ 26.f3 dxc5 27.a4 Qf7 28.Rb1 Qf6 29.Bxc5 Rxb5 30.Qxb5 Ra8
31.Qb7 Qd8 32.Qf7 Rb8 33.Rxb8 Qxb8 34.Qxg6 Qb3 35.Qe8+ Kh7 36.Qd7 Qc2 37.Qxf5+ Kh8
38.Qc8+ Kh7 39.Kf2 Qxa4 40.Qb7 Kg8 41.Qa8+ Kh7 42.Bb6 Qa1 43.Bxa5 Qh1 44.Qe4+ Kh8
45.Qh4  1-0

[Event "e2e4 Sunningdale Autumn"]
[Site "Sunningdale ENG"]
[Date "2011.09.17"]
[Round "2"]
[White "White,K"]
[Black "De Coverly,R"]
[Result "1-0"]
[WhiteElo "2086"]
[BlackElo "2047"]

1.c4 Nf6 2.g3 g6 3.Bg2 Bg7 4.Nf3 O-O 5.Nc3 d6 6.O-O Nc6 7.d3 Nh5 8.Bd2 f5
9.Rb1 a5 10.a3 f4 11.b4 axb4 12.axb4 Bg4 13.b5 Nd4 14.e3 Nxf3+ 15.Bxf3 Bxf3
16.Qxf3 e5 17.exf4 Kh8 18.f5 Rb8 19.Qe2 Rxf5 20.Nd5 Rf7 21.Qg4 Qc8 22.Qxc8+ Rxc8
23.Kg2 Rcf8 24.f3 h6 25.Ba5 b6 26.Bb4 Re8 27.Rf2 Kh7 28.Rb3 Nf6 29.Ne3 Nd7
30.Nd5 Nf8 31.Ra3 Ne6 32.Ra7 Ref8 33.Bd2 g5 34.Be3 Kg6 35.h3 Bf6 36.Nc3 Bd8
37.Ne4 Ng7 38.g4 h5 39.d4 hxg4 40.hxg4 exd4 41.Bxd4 Ne6 42.Be3 Rh8 43.Ra8 Rfh7
44.Kf1 Rh1+ 45.Ke2 Rb1 46.Ra2 Rhh1 47.Rc2 Rbd1 48.Rd2 Rhe1+ 49.Kd3 Ra1 50.Rc2 Ra3+
51.Rc3 Rxc3+ 52.Nxc3 Bf6 53.Nd5 Be5 54.f4 Nxf4+ 55.Bxf4 Bxf4 56.Nxf4+ gxf4
57.Rxf4 Re5 58.Kd4 Rc5 59.Rf5 Rxf5 60.gxf5+ Kxf5 61.Kd5 Kf6 62.Kc6 Ke6 63.Kxc7 d5
64.cxd5+ Kxd5 65.Kxb6 Kd6 66.Kb7  1-0

[Event "1st Marcel Duchamp"]
[Site "Buenos Aires ARG"]
[Date "2011.09.18"]
[Round "6"]
[White "Lemos,D"]
[Black "Fabian,G"]
[Result "1/2-1/2"]
[WhiteElo "2543"]
[BlackElo "2358"]

1.Nf3 Nf6 2.c4 g6 3.g3 Bg7 4.Bg2 O-O 5.O-O c6 6.b3 d5 7.Bb2 dxc4 8.bxc4 c5
9.d4 Qb6 10.Qb3 Ne4 11.e3 Nc6 12.Ne5 Nd6 13.Nxc6 bxc6 14.dxc5 Qxc5 15.Bxg7 Kxg7
16.Nd2 Be6 17.Rfc1 Rab8 18.Qc3+ Kg8 19.Nb3 Qxc4 20.Qa5 Qb4 21.Qxb4 Rxb4 22.Nc5 Bc4
23.Nd7 Rc8 24.Ne5 Bd5 25.Nxc6 Bxc6 26.Bxc6 Rb6 27.Bd5 e6 28.Bb3 Rbc6 29.Rxc6 Rxc6
30.Rd1 Kf8 31.Rd4 Ke7 32.Kg2 h5 33.Rf4 Rc7 34.Kf3 Rb7 35.Ra4 Rc7 36.Ke2 Nf5
37.Ra5 Nd6 38.h3 Ne4 39.Kf3 Nd2+ 40.Ke2 Nxb3 41.axb3 Rb7  1/2-1/2

[Event "ch-Euro Youth g16"]
[Site "Albena BUL"]
[Date "2011.09.20"]
[Round "9.2"]
[White "Aranaz Murillo,A"]
[Black "Tantsiura,M"]
[Result "1-0"]
[WhiteElo "2201"]
[BlackElo "2138"]

1.Nf3 Nf6 2.c4 g6 3.g3 Bg7 4.Bg2 O-O 5.O-O d6 6.d4 c6 7.Nc3 Qa5 8.e4 Bg4
9.h3 Bxf3 10.Bxf3 Nfd7 11.Be3 Qb4 12.Qd3 Qxb2 13.Rab1 Qa3 14.Rxb7 Nb6 15.Bg5 N8d7
16.Rb1 e5 17.Bg4 exd4 18.Bxd7 Nxd7 19.Rxd7 dxc3 20.Rxd6 Qxa2 21.Rc1 Qa3 22.Rc2 Rab8
23.Rd7 Rb2 24.Rc1 Qa2 25.Be3 h5 26.Rxa7 Qb3 27.Bc5 Rb8 28.Ra3 Rb1 29.Rxb3 Rxc1+
30.Kg2 Rxb3 31.e5 Rb8 32.Be3 Rcb1 33.Qxc3 R1b3 34.Qd4 Re8 35.Bf4 g5 36.Bxg5 Rxe5
37.Qd8+ Kh7 38.Be3 Re4 39.Qd7 Rexe3 40.fxe3 Rxe3 41.Qxc6 Be5 42.Qd5 Rxg3+
43.Kf2 f6 44.c5 Rc3 45.Ke2 Kg6 46.Kd2 Rxh3 47.c6 h4 48.Qxe5 fxe5 49.c7 Rh2+
50.Kc1 Rh1+ 51.Kb2 Rh2+ 52.Kb3 h3 53.c8=Q Kg5 54.Qe6 Kf4 55.Kc4 Rc2+ 56.Kd3 h2
57.Qh6+ Kg3 58.Kxc2 Kg2 59.Qg5+ Kf2 60.Qh4+ Kg2 61.Qg4+ Kf2 62.Qh3 Kg1 63.Qg3+ Kh1
64.Qf2  1-0

[Event "TCh-Central Serbia 2011"]
[Site "Kraljevo SRB"]
[Date "2011.09.20"]
[Round "5"]
[White "Mista,A"]
[Black "Bojkov,D"]
[Result "1-0"]
[WhiteElo "2561"]
[BlackElo "2541"]

1.Nf3 Nf6 2.c4 g6 3.g3 Bg7 4.Bg2 O-O 5.O-O d6 6.Nc3 e5 7.d3 Nbd7 8.Rb1 Re8
9.Nd2 a5 10.a3 h5 11.b4 axb4 12.axb4 h4 13.Nde4 Nh7 14.Qd2 Ndf8 15.c5 Be6
16.cxd6 cxd6 17.gxh4 d5 18.Ng5 d4 19.Nce4 Bd5 20.f4 f5 21.Ng3 Bxg2 22.Kxg2 Qd5+
23.Kg1 Nxg5 24.hxg5 Ne6 25.fxe5 Bxe5 26.Qd1 Ra2 27.Rf2 Rc8 28.Nf1 Rac2 29.e4 Qa2
30.Rb2 Rxb2 31.Rxb2 Qa1 32.Qb3 Qa6 33.exf5 gxf5 34.Re2 Qd6 35.Bf4  1-0

[Event "Tatry Open"]
[Site "Tatranske Zruby SVK"]
[Date "2011.09.25"]
[Round "1.26"]
[White "Demeter,P"]
[Black "Czajkowski,R"]
[Result "1-0"]
[WhiteElo "2253"]
[BlackElo "2107"]

1.c4 Nf6 2.Nf3 g6 3.g3 Bg7 4.Bg2 O-O 5.O-O d5 6.cxd5 Nxd5 7.Nc3 Nc6 8.Nxd5 Qxd5
9.d3 Qh5 10.Be3 Bh3 11.Rc1 Bxg2 12.Kxg2 Qd5 13.Qa4 e5 14.Rc5 Qd7 15.Rfc1 Rfe8
16.Qh4 Qe7 17.Qxe7 Rxe7 18.Rb5 Nd8 19.a4 c6 20.Rb4 h6 21.a5 f5 22.Rc2 Rd7
23.Nd2 Kf7 24.Nb3 Rd5 25.Bc5 Ke6 26.h3 Kd7 27.e4 Rxd3 28.Bxa7 Rxb3 29.Rd2+ Ke8
30.Rxd8+ Rxd8 31.Rxb3 Rd7 32.Kf3 Bf8 33.Be3 Kf7 34.Rb6 Rc7 35.b4 Rd7 36.exf5 gxf5
37.g4 f4 38.Bc5 Bxc5 39.bxc5 Rc7 40.Ke4 Ke6 41.a6 bxa6 42.Rxa6 Rc8 43.Rb6 Rc7
44.h4 Rc8 45.g5 hxg5 46.hxg5 Rc7 47.Rb8 Ra7 48.Re8+ Kf7 49.Rxe5 Ra4+ 50.Kf5 Rc4
51.g6+ Kg7 52.Re7+ Kf8 53.Kf6  1-0

[Event "Tatry Open"]
[Site "Tatranske Zruby SVK"]
[Date "2011.09.27"]
[Round "3.27"]
[White "Cambel,V"]
[Black "Borkovec,M"]
[Result "1/2-1/2"]
[WhiteElo "2036"]
[BlackElo "2188"]

1.Nf3 Nf6 2.c4 g6 3.g3 Bg7 4.Bg2 O-O 5.O-O c5 6.d4 cxd4 7.Nxd4 Nc6 8.Nc3 Nxd4
9.Qxd4 d6 10.Qd2 Rb8 11.b3 a6 12.Bb2 b5 13.cxb5 axb5 14.Nd5 Nxd5 15.Bxg7 Kxg7
16.Bxd5 Qb6 17.a4 bxa4 18.bxa4 Ba6 19.Rfc1 Rfc8 20.e3 e6 21.Rxc8 Rxc8 22.a5 Qc5
23.Bg2 Qe5 24.Qe1 d5 25.Bf1 Rc6 26.Rc1 Bc4 27.Ra1 Ra6 28.Ra3  1/2-1/2